عرض عادي
عرض مارك
- Shamroukh, Rufaida mohd.
مدخل إسم شخص
001 - رقم الضبط
- حقل الضبط: 3486
003 - معرف رقم الضبط
- حقل الضبط: OSt
005 - تاريخ ووقت أخر عملية
- حقل الضبط: 20110828102617.0
008 - عناصر بيانات ثابتة الطول
- حقل تحكم ثابت الطول: 110828|||a|||||| | ||| d
040 ## - مصدر الفهرسة
- هيئة الفهرسة الأصلية: OSt
- وكالة الكتابة: OSt
100 ## - مدخل -- أسم شخص
- إسم شخص: Shamroukh, Rufaida mohd.
670 ## - بيانات المصدر موجوده
- الاستشهاد بالمصدر: Work cat.: (OSt): Shamroukh, Rufaida mohd., Computer skills (1) /, 2010.
